| 000 | 00412nam a2200157Ia 4500 | ||
|---|---|---|---|
| 008 | 210210b1964 xxu||||| |||| 00| 0 eng d | ||
| 020 | _a0 07 113561 8 | ||
| 082 | _a658.8 STAF | ||
| 100 | _aSTANTON (William J) and Others. | ||
| 245 | _aFundamentals of marketing.Ed 10. | ||
| 250 | _a | ||
| 260 |
_aNew York _bMcGraw Hill _c1964 |
||
| 300 | _axxviii,695 | ||
| 690 | _aMarketing Management | ||
| 906 | _a054427 | ||
| 999 |
_c102385 _d102385 |
||